LEADER 00923nam a2200217 i 4500 001 000000139235 003 CaOOAMICUS 005 20061116000000.0 008 061116s1930 it u000 u ita u 013 $a113239 040 $aSeMil$bita 100 1 $aDehon, Leon <1843-1925>.$0(OLS)http://semarc/name/5944 245 10$aDiscite a me /$cserie di meditazioni sulla vita eucaristica del cuore di gesù del compianto padre Dehon, fondatore dei sacerdoti del Sacro Cuore di Gesù. 260 $aRoma :$bLa Cardinal Ferrari,$c1930. 300 $a186 p., [1] ritr. ;$c18 cm. 650 4$aDehon, Leon - Meditazioni.$0(OLS)http://semarc/subject/22225 850 $aSeMil 852 $aSeMil$W1$xVenegono$y1$m3F I 371$j92672$B92672$CSeMilBibl$Z2$F120490 $81 961 $aRecupero: Altro 996 $6245$aDiscite a me$9(OLS)http://semarc/title/203504 996 $6260$aRoma :$bLa Cardinal Ferrari$9(OLS)http://semarc/publisher/47200 LEADER 00632nam a2200181 i 4500 001 000000174232 003 CaOOAMICUS 005 20080823000000.0 008 080823s1959 it u000 u fre u 013 $a151696 040 $aSeMil$bita 245 10$aJanvier 1933- Décembre 1933. 300 $a170 p. 700 1 $aDu Bos, Charles.$0(OLS)http://semarc/name/8931 773 0 $aDu Bos, Charles$tJournal.$dParis : Édition R.-A. Corrêa, 1946.$g8$w()19978 850 $aSeMil 852 $aSeMil$W1$xVenegono$y1$m1W V 52$j125071$B125071$CSeMilBibl$Z2$F136009 $81 996 $6245$aJanvier 1933- Décembre 1933$9(OLS)http://semarc/title/249687